000 00505nam a2200169Ia 4500
003 IN-BaIIA
008 211028s9999 xx 000 0 eng d
040 _cIIA Library
080 _a52(083)
_bSCH
100 _aSchorr, Richard
_9925
245 0 _aPrazessions-tafeln 1925.0
_cRichard Schorr
260 _aBergedorf
_bIm Verlag Der Sternwarte
_c1927
300 _aiv,195p
650 _aAstronomy and Astrophysics Thesaurus
650 _aTables
_9926
942 _cBK
999 _c407
_d407